Infinitifs des verbes - Statistiques

Statistiques générales
  • Ce quiz a été pris 226 fois
  • Le résultat moyen est 10 sur 20
Statistiques - réponses
Verbe conjugué Mode Temps Infinitif % Correct
Elle ira Indicatif Futur simple Aller
98%
Tu mis Indicatif Passé simple Mettre
98%
Je revins Indicatif Passé simple Revenir
98%
Que vous appartinssiez Subjonctif Imparfait Appartenir
87%
Que nous acquissions Subjonctif Présent Acquérir
76%
Vous assaillez Indicatif Présent Assaillir
68%
Nous bûmes Indicatif Passé simple Boire
67%
J'assieds Indicatif Présent Asseoir
59%
Elle conquiert Indicatif Présent Conquérir
57%
Elle astreignit Indicatif Passé simple Astreindre
55%
Que je disse Subjonctif Imparfait Dire
49%
Nous fîmes Indicatif Passé simple Faire
44%
Je cousis Indicatif Passé simple Coudre
43%
Je ceignis Indicatif Passé simple Ceindre
33%
Il faudra Indicatif Futur simple Falloir
31%
Nous geignons Indicatif Présent Geindre
23%
Je vis Indicatif Passé simple Voir
17%
Vous lûtes Indicatif Passé simple Lire
15%
Nous fûmes Indicatif Passé simple Être
10%
Il gît Indicatif Présent Gésir
10%
Aucun quiz correspondant
Distribution des résultats
% des personnes avec chaque résultat
Percentile par nombre de réponses
Votre historique - résultats
Vous n’avez pas pris ce quiz